| 000 | 01775cam a2200301 a 4500 | ||
|---|---|---|---|
| 001 | 15744966 | ||
| 003 | ARRUPE | ||
| 005 | 20150303020007.0 | ||
| 008 | 090520s2009 nyu b 001 0 eng | ||
| 010 | _a 2009019327 | ||
| 020 | _a9780809145645 (alk. paper) | ||
| 020 | _a0809145642 (alk. paper) | ||
| 035 | _a(OCoLC)ocn344037022 | ||
| 040 |
_aDLC _cDLC _dYDX _dBTCTA _dSOR _dBWX _dDLC |
||
| 050 | 0 | 0 |
_aBR118 _b.W567 2009 |
| 100 | 1 |
_aWicks, Jared, _d1929- _93080 |
|
| 245 | 1 | 0 |
_aDoing theology / _cJared Wicks. |
| 260 |
_aNew York : _bPaulist Press, _cc2009. |
||
| 300 |
_axi, 292 p. ; _c23 cm. |
||
| 504 | _aIncludes bibliographical references and index. | ||
| 505 | 0 | _aTheology in history and the church -- Doing theology by listening to the biblical Word -- Doing theology in the stream of Catholic tradition -- Doing theology in the light of church teaching -- Doing theology amidst life -- Opening address of the Second Vatican Council (October 11, 1962) / Pope John XXIII -- Opening of the second period of Vatican Council II (September 29, 1963) / Pope Paul VI -- Address at the last meeting of Vatican Council II (December 7, 1965) / Pope Paul VI -- Catholic doctrine on revelation and faith : the conciliar texts -- Theologians at Vatican Council II -- Interpreting Vatican Council II (December 22, 2005) / Pope Benedict XVI -- The subject areas of Catholic theology -- The levels of teaching by the Catholic magisterium. | |
| 610 | 2 | 0 |
_aCatholic Church _xDoctrines. _93081 |
| 650 | 0 |
_aTheology _xMethodology. _93082 |
|
| 906 |
_a7 _bcbc _corignew _d1 _eecip _f20 _gy-gencatlg |
||
| 942 |
_2lcc _cMONOGRAPH _03 |
||
| 999 |
_c118478 _d118478 |
||